000 00437nam a22001697a 4500
003 SGT
020 _a9788126567614
082 _a611
_bT17T
100 _aTORTORA, GERARD J
245 _aTORTORA'S PRINCIPLES OF ANATOMY AND PHYSIOLOGY
250 _aGLOBLE EDITION
260 _aINDIA
_bWILEY PUB
_c2017
300 _a989
650 _aHUMAN ANATOMY
653 _aTORTORA'S PRINCIPLES OF ANATOMY AND PHYSIOLOGY
942 _2ddc
_cBK
999 _c25129
_d25129